[Event "LSS RN-2008-0-00165"]
[Site "LSS email"]
[Date "2008.11.24"]
[Round "?"]
[White "Berning, Bryan"]
[Black "Mori, Roberto"]
[Result "0-1"]
[WhiteElo "800"]
[BlackElo "661"]
[PlyCount "66"]
[EventDate "2008.11.19"]
[EventType "tourn (corr)"]
[EventRounds "6"]
[EventCountry "GER"]
[SourceTitle "Corr 2011"]
[Source "ChessBase"]
[SourceDate "2010.08.31"]
[SourceVersion "1"]
[SourceVersionDate "2010.08.31"]
[SourceQuality "1"]

1. e4 e5 2. Nf3 Nc6 3. Nc3 Bb4 4. a3 Ba5 5. Bc4 h6 6. d3 Bxc3+ 7. bxc3 Nf6 8. 0-0 0-0 9. Be3 d6 10. Bb5 Bd7 11. Bxc6 Bxc6 12. Nh4 Nxe4 13. dxe4 Qxh4 14. f3 a6 15. Bf2 Qe7 16. a4 a5 17. c4 b6 18. Qe1 Bb7 19. Bh4 Qe6 20. Bf2 Qxc4 21. Qd2 Ba6 22. Rfe1 Rfd8 23. f4 exf4 24. Qxf4 Qxc2 25. Bh4 Re8 26. Qg4 Bc8 27. Qf3 Be6 28. Rec1 Qb2 29. Qf1 Qd4+ 30. Kh1 Qxe4 31. Rxc7 Qxh4 32. g3 Bd5+ 33. Kg1 Qd4+ 0-1